000 00462nam a2200157Ia 4500
999 _c220
_d220
003 OSt
005 20210119155531.0
008 190216s9999||||xx |||||||||||||| ||und||
040 _coclc
082 _a492.7
_bJAR/N
100 _aJarim, Ali Al
_98301
245 0 _aNahv Al Walih /
_cAli Al Jarim ; Musthafa Ameen
260 _bThirurangadi Book Stall,
_aThirurangadi:
_c2001.
300 _a129p
942 _cBK
_2ddc
_h492.7
_iJAR/N
_k492.7
_mJAR/N